Florida Panthers 2025-2026 Roster - Statistics

General Stats
  • This quiz has been taken 20 times
    19 since last reset
  • The average score is 12 of 25
Answer Stats
Jersey # Pos Player % Correct
16 C Aleksander Barkov
93%
72 G Sergei Bobrovsky
93%
15 C Anton Lundell
87%
63 C Brad Marchand
87%
13 C Sam Reinhart
87%
9 C Sam Bennett
80%
5 D Aaron Ekblad
73%
3 D Seth Jones
73%
77 D Niko Mikkola
67%
7 D Dmitry Kulikov
60%
27 C Eetu Luostarinen
53%
40 G Daniil Tarasov
47%
17 C Evan Rodrigues
47%
42 D Gustav Forsling
47%
10 LW A.J. Greer
40%
2 D Jeff Petry
33%
70 C Jesper Boqvist
33%
11 RW Mackie Samoskevich
33%
12 LW Jonah Gadjovich
27%
71 C Luke Kunin
20%
26 D Uvis Balinskis
20%
53 C Jack Studnicka
13%
23 C Carter Vergaeghe
7%
79 C Cole Schwindt
7%
22 D Tobias Bjornfot
0%
No matching quizzes found
Score Distribution
Percent of People with Each Score
Percentile by Number Answered
Your Score History
You have not taken this quiz since the last reset